000 00804nam a2200241Ia 4500
005 20220621115513.0
008 130821s1982 sp gr spa
020 _a8434406144
040 _aCo-BoUCM
_bspa
_cDeissy Garcia (modificó)
_d[Nuevo]
041 0 0 _aspa
100 1 _aKelsen, Hans
_d1881-1973
_946155
245 1 0 _aQue es justicia
_cHans Kelsen ; edición y traducción de Albert Calsamiglia
260 _aBarcelona (España)
_bAriel
_c1982
300 _a283 páginas
490 _aDemos
504 _aIncluye referencias bibliográficas
650 0 4 _aFilosofía del derecho
_915792
650 0 4 _aJusticia
_918195
650 0 4 _aTeoría del derecho
_925308
700 _aCalsamiglia, Albert.
_9158942
942 _cLIBRO
_a8
_e1
_mK35
_2DEWEY
_h340.1
_n0
999 _c35579
_d35579